| 000 | 00351nam a2200133Ia 4500 | ||
|---|---|---|---|
| 008 | 231017s9999 xx 000 0 und d | ||
| 082 | _a625.18 | ||
| 082 | _bBSI | ||
| 245 | 0 | _aConcrete- Part 3: Specification for the procedures to be used in producing and transporting concrete | |
| 245 | 0 | _cBSI | |
| 260 | _bBSI | ||
| 300 | _c30cm | ||
| 942 | _cREP | ||
| 999 |
_c606167 _d606167 |
||